La roya negra o del tallo (Puccinia graminis f. sp. tritici) : una ilustre ausente de los campos de trigo en Argentina. ¿Por cuánto tiempo más? /

Guardado en:
Autor Principal: Antonelli, Enrique F.
Formato: Libro
Idioma:Spanish
Publicado: Buenos Aires : el autor, 2000.
Etiquetas: Agregar Etiqueta
Sin Etiquetas, Sea el primero en etiquetar este registro!
LEADER 00546nam a22001335a 4500
001 EEA.libagro007403
005 20180522105816.0
008 130809s2000####ag#a##########000#0#spa#d
082 0 4 |a 632.425 
100 1 |a Antonelli, Enrique F. 
245 1 3 |a La roya negra o del tallo (Puccinia graminis f. sp. tritici) :  |b una ilustre ausente de los campos de trigo en Argentina. ¿Por cuánto tiempo más? /  |c Enrique F. Antonelli. 
260 |a Buenos Aires :  |b el autor,  |c 2000. 
300 |a 42 p. :  |b il. ;  |c 28 cm. 
859 |a AR-BbBCA  |b BIB. AGRONOMIA  |h 632.425  |i A634-1  |p 2005/4774